| 000 | 00412nam a2200157Ia 4500 | ||
|---|---|---|---|
| 008 | 221030s9999 xx 000 0 und d | ||
| 020 | _a8120300823 | ||
| 041 | _aEnglish | ||
| 082 |
_a105.23 _bRyd |
||
| 100 | _aJ. D. Ryder | ||
| 245 | 0 |
_aElectronic Fundamentals & Applications - Integrated & Discrete Systems _cby J. D. Ryder |
|
| 260 |
_bPHI _aNew Delhi _c1999 |
||
| 300 | _a538 | ||
| 650 | _aECE | ||
| 942 | _cBK | ||
| 999 |
_c7158 _d7158 |
||